Biggest Cities in Canada on a Map - Statistics

General Stats
  • This quiz has been taken 1,770 times
    1,675 since last reset
  • The average score is 16 of 25
Answers on the Map
Answers color-coded by a green-red scale on the quiz's map according to % correct below.
 
Answer Stats
Population Province City % Correct
6,471,850 ON Toronto
99%
2,691,351 BC Vancouver
98%
4,318,505 QC Montreal
97%
1,441,118 ON/QC Ottawa
95%
1,514,723 AB Calgary
94%
1,447,143 AB Edmonton
94%
824,411 QC Quebec
92%
844,566 MB Winnipeg
89%
440,348 NS Halifax
84%
330,674 SK Saskatoon
77%
402,271 BC Victoria
77%
261,684 SK Regina
75%
212,433 NL Saint John's
71%
545,441 ON London
69%
794,716 ON Hamilton
66%
354,917 ON Windsor
61%
434,927 ON Saint Catharine's
46%
584,259 ON Kitchener
43%
217,229 BC Kelowna
36%
172,216 ON Sudbury
36%
175,708 ON Kingston
34%
221,043 QC Sherbrooke
30%
201,953 BC Abbotsford
27%
413,936 ON Oshawa
26%
213,660 ON Barrie
23%
No matching quizzes found
Score Distribution
Percent of People with Each Score
Percentile by Number Answered
Your Score History
You have not taken this quiz since the last reset